[Event "SR 4. liga A21 2008/2009"]
[Site "?"]
[Date "2009.03.15"]
[Round "11.2"]
[White "Harasta, Juraj"]
[Black "Cerovsky, Marian"]
[Result "0-1"]
[WhiteElo "1628"]
[BlackElo "1805"]
[PlyCount "100"]
[EventDate "2008.??.??"]

1. e4 e5 2. Nf3 Nc6 3. Bb5 a6 4. Ba4 b5 5. Bb3 Bc5 6. O-O d6 7. c3 Nf6 8. d4
exd4 9. cxd4 Bb6 10. Bg5 h6 11. Bh4 g5 12. Bg3 O-O 13. d5 Ne5 14. Re1 Nh5 15.
Nbd2 Nxg3 16. hxg3 Bg4 17. Rc1 Ng6 18. Nf1 Ne5 19. N1h2 Bh5 20. Qd2 Bxf3 21.
Nxf3 Ng4 22. Re2 Qf6 23. Rd1 Rae8 24. Nd4 Qg6 25. f3 Ne5 26. g4 c5 27. dxc6
Nxc6 28. Qe3 Nxd4 29. Rxd4 Qf6 30. Red2 Rc8 31. Rd1 Rc7 32. Kf1 Rfc8 33. Qd2
Qxd4 34. Qxd4 Bxd4 35. Rxd4 Rc1+ 36. Kf2 R8c6 37. Bd1 Kg7 38. Ke3 Kf6 39. Rd2
R1c5 40. Bb3 a5 41. a4 b4 42. Kd3 Rc7 43. Bd5 Ke5 44. b3 Rc3+ 45. Ke2 Rc2 46.
Bc4 Rxd2+ 47. Kxd2 Rxc4 48. bxc4 Kd4 49. g3 Kxc4 50. f4 Kd4 0-1

[Event "SR 4. liga A21 2008/2009"]
[Site "?"]
[Date "2009.03.15"]
[Round "11.2"]
[White "Kovarik, Oto"]
[Black "Vepy, Ivan"]
[Result "1/2-1/2"]
[WhiteElo "2052"]
[BlackElo "1941"]
[PlyCount "82"]
[EventDate "2008.??.??"]

1. e4 e5 2. Nf3 d6 3. d4 exd4 4. Nxd4 Nf6 5. Bd3 Be7 6. O-O O-O 7. c4 Na6 8.
Nc3 c5 9. Nc2 Bg4 10. f3 Bh5 11. a3 Nc7 12. b4 Nd7 13. Rb1 Ne5 14. Be2 f5 15.
Ne3 fxe4 16. Nxe4 Bg6 17. bxc5 d5 18. cxd5 Bxc5 19. Nxc5 Bxb1 20. d6 Ba2 21.
Qc2 Qxd6 22. Qxa2+ Kh8 23. Ne4 Qg6 24. Kh1 Ne6 25. Qd5 Nf4 26. Qxe5 Nxe2 27.
Qb2 Nf4 28. Nc4 Nd3 29. Ne5 Qxe4 30. Nxd3 Qxd3 31. Qf2 Rac8 32. Rg1 Rc2 33.
Qxa7 h5 34. Qxb7 Re8 35. Bb2 Qg6 36. Bd4 Ree2 37. f4 Qg4 38. Qf7 Rxg2 39. Bxg7+
Qxg7 40. Qxh5+ Kg8 41. Qe8+ Kh7 1/2-1/2

[Event "SR 4. liga A21 2008/2009"]
[Site "?"]
[Date "2009.03.15"]
[Round "11.3"]
[White "Florek, Jozef"]
[Black "Siska, Michal"]
[Result "1/2-1/2"]
[WhiteElo "1521"]
[BlackElo "1628"]
[PlyCount "62"]
[EventDate "2008.??.??"]

1. e4 e6 2. d4 d5 3. e5 c5 4. c3 Nc6 5. Bb5 Bd7 6. Nf3 Qb6 7. Bxc6 Bxc6 8. b3
cxd4 9. cxd4 Bb4+ 10. Bd2 Ne7 11. O-O Nf5 12. Bxb4 Qxb4 13. Qd2 Qxd2 14. Nbxd2
O-O 15. Rac1 h6 16. h3 Rfc8 17. Rfe1 a5 18. Nf1 b5 19. Ne3 Nxe3 20. Rxe3 b4 21.
Re2 Bb5 22. Rec2 Rxc2 23. Rxc2 Bd3 24. Rc1 a4 25. Ne1 Bg6 26. bxa4 Rxa4 27. Nc2
Rxa2 28. Nxb4 Ra4 29. Nc6 Kh7 30. Rd1 Ra2 31. f3 Rb2 1/2-1/2

[Event "SR 4. liga A21 2008/2009"]
[Site "?"]
[Date "2009.03.15"]
[Round "11.3"]
[White "Kicinja, Jan"]
[Black "Curidlo, Jan"]
[Result "0-1"]
[WhiteElo "1806"]
[BlackElo "1979"]
[PlyCount "72"]
[EventDate "2008.??.??"]

1. d4 d5 2. c4 c6 3. cxd5 cxd5 4. Nc3 Nf6 5. Bf4 e6 6. e3 a6 7. a3 Nc6 8. h3
Bd6 9. Bxd6 Qxd6 10. Bd3 O-O 11. Nf3 Bd7 12. O-O Rac8 13. Rc1 h6 14. Qe2 Rfe8
15. Rfd1 Qb8 16. Rd2 Na5 17. Qe1 Nc6 18. Na4 Nxd4 19. Nc5 Nxf3+ 20. gxf3 Bc6
21. Rdc2 Qd6 22. Qe2 Nd7 23. Nb3 Rc7 24. Na5 Rec8 25. a4 Ne5 26. Bxa6 bxa6 27.
Qxa6 Nxf3+ 28. Kg2 Ne5 29. f4 Nc4 30. Nxc4 dxc4+ 31. Kf2 Qd5 32. Qxc4 Qf3+ 33.
Ke1 Qxe3+ 34. Qe2 Qg1+ 35. Qf1 Qxf1+ 36. Kxf1 Bg2+ 0-1

[Event "SR 4. liga A21 2008/2009"]
[Site "?"]
[Date "2009.03.15"]
[Round "11.3"]
[White "Mraz, Viliam"]
[Black "Gubis, Vladimir"]
[Result "0-1"]
[WhiteElo "1350"]
[BlackElo "1755"]
[PlyCount "84"]
[EventDate "2008.??.??"]

1. e4 c5 2. Nf3 d6 3. h3 Nc6 4. Bb5 Qc7 5. d4 cxd4 6. Nxd4 Bd7 7. Nxc6 bxc6 8.
Bc4 Nf6 9. Qf3 e6 10. O-O d5 11. exd5 cxd5 12. Bd3 Be7 13. Bg5 O-O 14. c3 h6
15. Bxf6 Bxf6 16. Nd2 Rab8 17. Rab1 Qa5 18. a3 Qc7 19. Rfd1 Rfd8 20. Qg3 Qxg3
21. fxg3 e5 22. g4 e4 23. Bc2 Bg5 24. Nf1 g6 25. Ne3 Bc6 26. g3 Bf6 27. Ng2 Re8
28. Rf1 Be7 29. Nf4 Bc5+ 30. Kh2 d4 31. cxd4 Bxd4 32. b4 Re7 33. Bb3 Kg7 34.
Ne2 Be5 35. Rbc1 Bb5 36. Bc4 Bb2 37. Rc2 Bxc4 38. Rxc4 Bxa3 39. Nd4 Rxb4 40.
Rxb4 Bxb4 41. Nc6 Bc5 42. Rb1 Bb6 0-1

[Event "SR 4. liga A21 2008/2009"]
[Site "?"]
[Date "2009.03.15"]
[Round "11.3"]
[White "Orvisky, Vladimir"]
[Black "Kurinec, Jozef"]
[Result "0-1"]
[WhiteElo "1903"]
[BlackElo "1757"]
[PlyCount "60"]
[EventDate "2008.??.??"]

1. c4 Nf6 2. Nc3 g6 3. d4 Bg7 4. Nf3 O-O 5. g3 d5 6. Bg2 dxc4 7. Qa4 Nbd7 8.
Qxc4 Nb6 9. Qd3 c6 10. O-O Be6 11. Bf4 Bc4 12. Qd2 Nfd5 13. Bh6 f6 14. Bxg7
Kxg7 15. b3 Ba6 16. Ne4 Nd7 17. Rac1 e6 18. Rfe1 Qe7 19. Nc5 Nxc5 20. Rxc5 Rad8
21. Rec1 Rd7 22. a4 Rfd8 23. e4 Nc7 24. Qc3 Be2 25. e5 f5 26. Qe3 Bxf3 27. Qxf3
Rxd4 28. R5c4 Rd3 29. Qf4 g5 30. Qf3 Rxf3 0-1

[Event "SR 4. liga A21 2008/2009"]
[Site "?"]
[Date "2009.03.15"]
[Round "11.3"]
[White "Sedlak, Rastislav"]
[Black "Adamec, Jozef"]
[Result "1-0"]
[WhiteElo "1590"]
[BlackElo "1461"]
[PlyCount "75"]
[EventDate "2008.??.??"]

1. e4 e5 2. Nf3 d6 3. Bc4 Bg4 4. h3 Bxf3 5. Qxf3 Nf6 6. O-O Be7 7. d3 O-O 8.
Nc3 c6 9. Qg3 Kh8 10. Bg5 Nbd7 11. a3 b5 12. Bb3 a5 13. Ne2 c5 14. Nc3 Rb8 15.
Bxf6 Nxf6 16. Nd5 Nxd5 17. Bxd5 f5 18. c4 f4 19. Qf3 Rf6 20. Rfb1 Qe8 21. b4
bxc4 22. bxa5 Rxb1+ 23. Rxb1 c3 24. Qd1 f3 25. g3 h5 26. Qb3 c2 27. Qxc2 g5 28.
Rb7 Bf8 29. a6 Qc8 30. Kh2 h4 31. g4 Rf4 32. Qd1 Rxg4 33. hxg4 Qxg4 34. Qg1
Qf4+ 35. Kh3 Qd2 36. a7 Qxd3 37. a8=Q g4+ 38. Kxh4 1-0

[Event "SR 4. liga A21 2008/2009"]
[Site "?"]
[Date "2009.03.15"]
[Round "11.4"]
[White "Beran, Jan st"]
[Black "Pripko, Bystrik"]
[Result "1/2-1/2"]
[WhiteElo "1680"]
[BlackElo "1560"]
[PlyCount "43"]
[EventDate "2008.??.??"]

1. d4 d5 2. c4 c6 3. Nc3 Nf6 4. Nf3 e6 5. e3 Bb4 6. Bd2 O-O 7. Bd3 dxc4 8. Bxc4
Nbd7 9. O-O Nb6 10. Bd3 h6 11. Qc2 Bxc3 12. Bxc3 Nbd5 13. a3 Nxc3 14. Qxc3 Bd7
15. Rac1 a5 16. Ne5 Nd5 17. Qd2 f6 18. Nxd7 Qxd7 19. Bb1 f5 20. Ba2 Kh8 21.
Bxd5 Qxd5 22. Qc3 1/2-1/2

[Event "SR 4. liga A21 2008/2009"]
[Site "?"]
[Date "2009.03.15"]
[Round "11.4"]
[White "Fidericky, Milan"]
[Black "Kupkovic, Miroslav"]
[Result "0-1"]
[WhiteElo "1866"]
[BlackElo "1690"]
[PlyCount "66"]
[EventDate "2008.??.??"]

1. e4 c6 2. d4 d5 3. exd5 cxd5 4. Nf3 Bf5 5. Bd3 Bxd3 6. Qxd3 Nf6 7. O-O e6 8.
Bg5 Be7 9. Nbd2 O-O 10. b3 Nc6 11. c4 dxc4 12. Qxc4 Rc8 13. Bxf6 Bxf6 14. Ne4
Bxd4 15. Qe2 Bxa1 16. Rxa1 Nd4 17. Nxd4 Qxd4 18. Rd1 Qb4 19. h3 Rfd8 20. Rxd8+
Rxd8 21. Qc2 Qd4 22. Kf1 Qd1+ 23. Qxd1 Rxd1+ 24. Ke2 Ra1 25. Nc3 Rc1 26. Kd2
Rg1 27. g3 g5 28. Ne4 h6 29. Nf6+ Kg7 30. Ne4 Kg6 31. Nc5 b6 32. Ne4 Rh1 33. h4
gxh4 0-1

[Event "SR 4. liga A21 2008/2009"]
[Site "?"]
[Date "2009.03.15"]
[Round "11.4"]
[White "Piestansky, Dusan"]
[Black "Gasa, Patrik"]
[Result "0-1"]
[WhiteElo "1466"]
[BlackElo "1350"]
[PlyCount "71"]
[EventDate "2008.??.??"]

1. e4 d5 2. exd5 Qxd5 3. Nf3 Nf6 4. Nc3 Qa5 5. d3 c6 6. Be2 Bg4 7. h3 Bh5 8.
O-O e6 9. a3 Bd6 10. Nd4 Bxe2 11. Qxe2 O-O 12. Ne4 Nxe4 13. dxe4 Nd7 14. Be3 f5
15. exf5 exf5 16. Bd2 Qe5 17. Bf4 Qxd4 18. Bxd6 Qxd6 19. Rfe1 Rae8 20. Qc4+ Kh8
21. Rxe8 Rxe8 22. Qc3 Nf6 23. Re1 Rxe1+ 24. Qxe1 h6 25. b4 c5 26. bxc5 Qxc5 27.
Qb1 Qxa3 28. Qxb7 Qc1+ 29. Kh2 Qf4+ 30. Kg1 Qxf2+ 31. Kh2 a5 32. Qc7 a4 33. c4
a3 34. c5 Qxc5 35. Qd8+ Kh7 36. Qa8 0-1

[Event "SR 4. liga A21 2008/2009"]
[Site "?"]
[Date "2009.03.15"]
[Round "11.4"]
[White "Piestansky, Jan"]
[Black "Havlicek, Peter"]
[Result "1-0"]
[WhiteElo "1597"]
[BlackElo "1684"]
[PlyCount "65"]
[EventDate "2008.??.??"]

1. e4 c5 2. Nf3 e6 3. c3 d5 4. exd5 exd5 5. d4 c4 6. h3 Nf6 7. Bg5 Be7 8. Be2
O-O 9. O-O Bf5 10. Nbd2 h6 11. Bh4 Nbd7 12. Re1 Re8 13. Nh2 Ne4 14. Bxe7 Rxe7
15. Nxe4 Bxe4 16. f3 Bg6 17. Qd2 Nf6 18. Bd1 Qd6 19. Bc2 Bxc2 20. Qxc2 Rae8 21.
Rxe7 Rxe7 22. Qf2 Nh5 23. Re1 Nf4 24. Rxe7 Qxe7 25. Ng4 Nd3 26. Qd2 Qe1+ 27.
Qxe1 Nxe1 28. Kf2 Nc2 29. Ke2 Kh7 30. Ne3 Nxe3 31. Kxe3 Kg6 32. Kf4 f5 33. Ke5
1-0

[Event "SR 4. liga A21 2008/2009"]
[Site "?"]
[Date "2009.03.15"]
[Round "11.4"]
[White "Slaby, Jozef"]
[Black "Zisek, Jaroslav"]
[Result "1/2-1/2"]
[WhiteElo "1930"]
[BlackElo "1895"]
[PlyCount "65"]
[EventDate "2008.??.??"]

1. d4 d5 2. c4 Nf6 3. Nc3 e6 4. Bf4 Bd6 5. Bg5 Be7 6. e3 Nbd7 7. Nf3 O-O 8. Bd3
dxc4 9. Bxc4 Nb6 10. Bd3 c5 11. Rc1 cxd4 12. Nxd4 Nbd5 13. O-O a6 14. Qf3 Nxc3
15. Rxc3 Nd5 16. Bxe7 Qxe7 17. Rcc1 b5 18. Rfd1 Bb7 19. Qg3 Rac8 20. Nb3 Nb4
21. Bb1 Rfd8 22. Rxc8 Rxc8 23. h3 Bd5 24. Nd4 Nc6 25. Nf3 h6 26. b3 Na5 27. Qe5
Nb7 28. Bd3 Nc5 29. Be2 Ne4 30. Nd4 Nc3 31. Rd2 Ne4 32. Rd1 Nc3 33. Rd2 1/2-1/2

[Event "SR 4. liga A21 2008/2009"]
[Site "?"]
[Date "2009.03.15"]
[Round "11.5"]
[White "Barcaj, Jaroslav"]
[Black "Nemsak, Denis"]
[Result "1/2-1/2"]
[WhiteElo "1605"]
[BlackElo "1476"]
[PlyCount "33"]
[EventDate "2008.??.??"]

1. e4 c5 2. Nf3 d6 3. d4 cxd4 4. Nxd4 Nf6 5. Nc3 g6 6. Be2 Bg7 7. O-O O-O 8.
Be3 Nc6 9. Nxc6 bxc6 10. Qd2 Re8 11. Rad1 Be6 12. b3 c5 13. Bb5 Bd7 14. Bxd7
Qxd7 15. Nd5 Nxd5 16. exd5 Rad8 17. c4 1/2-1/2

[Event "SR 4. liga A21 2008/2009"]
[Site "?"]
[Date "2009.03.15"]
[Round "11.5"]
[White "Gono, Michal"]
[Black "Palka, Martin"]
[Result "1/2-1/2"]
[WhiteElo "1854"]
[BlackElo "1931"]
[PlyCount "21"]
[EventDate "2008.??.??"]

1. Nf3 d5 2. d4 c6 3. c4 Nf6 4. Nc3 e6 5. cxd5 exd5 6. Qc2 Be7 7. Bg5 O-O 8. e3
Nbd7 9. Bd3 Re8 10. O-O Nf8 11. h3 1/2-1/2

[Event "SR 4. liga A21 2008/2009"]
[Site "?"]
[Date "2009.03.15"]
[Round "11.5"]
[White "Lesay, Dominik"]
[Black "Lanik, Miroslav"]
[Result "1/2-1/2"]
[WhiteElo "1584"]
[BlackElo "1702"]
[PlyCount "36"]
[EventDate "2008.??.??"]

1. e4 e5 2. Nf3 Nc6 3. Bb5 a6 4. Bxc6 dxc6 5. h3 Nf6 6. d3 Bd6 7. O-O h6 8. Nc3
Be6 9. Nh2 Qd7 10. f4 exf4 11. Bxf4 Bxf4 12. Rxf4 O-O-O 13. b3 Nh7 14. Na4 b6
15. Qe2 g5 16. Rf2 Rhe8 17. Qh5 Qd4 18. Raf1 Qg7 1/2-1/2

[Event "SR 4. liga A21 2008/2009"]
[Site "?"]
[Date "2009.03.15"]
[Round "11.5"]
[White "Rotak, Dusan"]
[Black "Bendzela, Tibor"]
[Result "0-1"]
[WhiteElo "1465"]
[BlackElo "1477"]
[PlyCount "52"]
[EventDate "2008.??.??"]

1. e4 c5 2. Nf3 Nc6 3. d4 cxd4 4. Nxd4 Nf6 5. Nc3 d6 6. f4 e6 7. Be2 Be7 8. O-O
a6 9. Be3 O-O 10. f5 Nd7 11. fxe6 Nde5 12. exf7+ Rxf7 13. Rxf7 Nxf7 14. Bc4
Nce5 15. Qh5 Nxc4 16. Rf1 g6 17. Qd5 Nce5 18. Ne6 Bxe6 19. Qxe6 Qd7 20. Qd5 Qc6
21. Qb3 Rf8 22. Nd5 Bd8 23. Bh6 Re8 24. Nf6+ Bxf6 25. Rxf6 Qxe4 26. Rxd6 Qe1#
0-1

[Event "SR 4. liga A21 2008/2009"]
[Site "?"]
[Date "2009.03.15"]
[Round "11.5"]
[White "Tokos, Rastislav"]
[Black "Matejovic, Ludovit"]
[Result "1/2-1/2"]
[WhiteElo "1931"]
[BlackElo "1592"]
[PlyCount "25"]
[EventDate "2008.??.??"]

1. e4 e5 2. Nf3 Nc6 3. d4 exd4 4. Nxd4 Nxd4 5. Qxd4 Qf6 6. Be3 Qxd4 7. Bxd4 d6
8. Nc3 Ne7 9. O-O-O f5 10. Be2 fxe4 11. Nxe4 Bf5 12. Ng3 Bg6 13. Rhe1 1/2-1/2

[Event "SR 4. liga A21 2008/2009"]
[Site "?"]
[Date "2009.03.15"]
[Round "11.6"]
[White "Danada, Ondrej"]
[Black "Salasek, Vaclav"]
[Result "1-0"]
[WhiteElo "1891"]
[BlackElo "1724"]
[PlyCount "101"]
[EventDate "2008.??.??"]

1. e4 c6 2. d4 d5 3. Nc3 dxe4 4. Nxe4 Bf5 5. Ng3 Bg6 6. h4 h6 7. Nf3 e6 8. h5
Bh7 9. Bd3 Bxd3 10. Qxd3 Bd6 11. Ne4 Nf6 12. Bd2 Qe7 13. O-O-O Nbd7 14. c4 Nxe4
15. Qxe4 Nf6 16. Qe2 O-O-O 17. Bc3 Rhe8 18. Ne5 Bxe5 19. Qxe5 Qc7 20. f3 Qxe5
21. dxe5 Rxd1+ 22. Kxd1 Rd8+ 23. Kc2 Nd7 24. Rd1 Nb8 25. Rd6 Na6 26. b4 Nc7 27.
Bd4 a6 28. Rxd8+ Kxd8 29. Bb6 Kd7 30. Kd3 Ne8 31. Bc5 Kc7 32. Bf8 Kb6 33. a4
Kc7 34. a5 Kd7 35. Kd4 Kc7 36. Kc5 Kd7 37. Kb6 Kc8 38. f4 Kb8 39. g4 f6 40. Be7
fxe5 41. fxe5 Kc8 42. Ka7 Kc7 43. Ka8 Kc8 44. Bf8 Kc7 45. Bc5 Kc8 46. Ka7 Kc7
47. Bf8 Kc8 48. Kb6 Kb8 49. c5 Kc8 50. Bd6 Nxd6 51. cxd6 1-0

[Event "SR 4. liga A21 2008/2009"]
[Site "?"]
[Date "2009.03.15"]
[Round "11.6"]
[White "Kubis, Ivan"]
[Black "Diviak, Rastislav"]
[Result "0-1"]
[WhiteElo "2042"]
[BlackElo "2022"]
[PlyCount "82"]
[EventDate "2008.??.??"]

1. e4 d6 2. d4 Nf6 3. Nc3 g6 4. f4 Bg7 5. Nf3 O-O 6. Bd3 Na6 7. O-O c5 8. d5
Bg4 9. h3 Bxf3 10. Qxf3 Nb4 11. Be3 Nxd3 12. cxd3 Nd7 13. g4 Qa5 14. Rfc1 b5
15. Qf2 b4 16. Nd1 Rfc8 17. d4 c4 18. a3 Qb5 19. axb4 Qxb4 20. Nc3 a5 21. Ra4
Qb3 22. Rca1 Rcb8 23. Bc1 Rc8 24. Rxa5 Rxa5 25. Rxa5 Qb6 26. Rb5 Bxd4 27. Rxb6
Bxf2+ 28. Kxf2 Nxb6 29. Ke3 Ra8 30. Kd4 Ra1 31. Ne2 Rb1 32. e5 Na4 33. f5 dxe5+
34. Kxe5 Nxb2 35. Kd4 Nd3 36. Be3 Re1 37. Ng3 f6 38. g5 Ne5 39. gxf6 exf6 40.
fxg6 hxg6 41. Ne4 Nf3+ 0-1

[Event "SR 4. liga A21 2008/2009"]
[Site "?"]
[Date "2009.03.15"]
[Round "11.6"]
[White "Pagac, Robert"]
[Black "Jozefek, Michal"]
[Result "1/2-1/2"]
[WhiteElo "1819"]
[BlackElo "1896"]
[PlyCount "79"]
[EventDate "2008.??.??"]

1. e4 c5 2. Nf3 d6 3. Nc3 Nf6 4. d4 cxd4 5. Nxd4 a6 6. Be2 e6 7. O-O Be7 8. Be3
Qc7 9. Nf3 O-O 10. h3 Nbd7 11. Bd3 b5 12. a3 Bb7 13. Re1 Rfd8 14. Bf4 Rac8 15.
Rc1 Nb6 16. e5 Nfd5 17. exd6 Bxd6 18. Bxd6 Qxd6 19. Bxh7+ Kxh7 20. Ng5+ Kg8 21.
Qh5 Rc7 22. Qh7+ Kf8 23. Qh8+ Ke7 24. Qxg7 Qf4 25. Nxe6 Qxc1 26. Nxd5+ Bxd5 27.
Rxc1 Bxe6 28. Qg5+ Ke8 29. Qg8+ Ke7 30. Qg5+ Ke8 31. f4 Rd5 32. Qg3 Rcd7 33.
Qg8+ Ke7 34. Re1 Rf5 35. g4 Rxf4 36. Qg5+ Rf6 37. Qc5+ Rd6 38. g5 Rg6 39. h4
Nd7 40. Qb4 1/2-1/2

[Event "SR 4. liga A21 2008/2009"]
[Site "?"]
[Date "2009.03.15"]
[Round "11.6"]
[White "Pericka, Pavol"]
[Black "Kubik, Peter"]
[Result "0-1"]
[WhiteElo "1735"]
[BlackElo "1491"]
[PlyCount "64"]
[EventDate "2008.??.??"]

1. e4 e5 2. Nf3 Nc6 3. Bc4 Bc5 4. Nc3 d6 5. h3 Nf6 6. d3 Nd4 7. Bg5 c6 8. O-O
b5 9. Bb3 Be6 10. Nd2 Qd7 11. Kh2 h6 12. Be3 O-O-O 13. Ne2 g5 14. c3 Nxe2 15.
Bxe6 Qxe6 16. Qxe2 g4 17. h4 g3+ 18. Kg1 Rhg8 19. Bxc5 dxc5 20. Qe3 gxf2+ 21.
Qxf2 Qg4 22. Qf5+ Rd7 23. Rf2 Qxf5 24. Rxf5 Ng4 25. Re1 Rxd3 26. Nf3 f6 27. Re2
Rd1+ 28. Ne1 Rgd8 29. Rf3 R8d2 30. Rxd2 Rxd2 31. Nd3 Rd1+ 32. Rf1 Rxd3 0-1

[Event "SR 4. liga A21 2008/2009"]
[Site "?"]
[Date "2009.03.15"]
[Round "11.6"]
[White "Planka, Peter"]
[Black "Danada, Tomas"]
[Result "1/2-1/2"]
[WhiteElo "1350"]
[BlackElo "1508"]
[PlyCount "99"]
[EventDate "2008.??.??"]

1. e4 c6 2. d4 d5 3. Nd2 dxe4 4. Nxe4 Bf5 5. Ng3 Bg6 6. Nf3 Nd7 7. Bd3 Bxd3 8.
Qxd3 Qc7 9. O-O e6 10. Re1 Ngf6 11. c3 c5 12. Be3 Nd5 13. Nf1 Bd6 14. dxc5 Bxc5
15. Bxc5 Qxc5 16. Rad1 O-O 17. Ne3 N7f6 18. Nxd5 Qxd5 19. c4 Qa5 20. Qb1 Rac8
21. b4 Qa4 22. Qb3 Qxb3 23. axb3 Rfd8 24. b5 b6 25. Ra1 Rc7 26. Ne5 Kf8 27. Nc6
Rdd7 28. Red1 Rxd1+ 29. Rxd1 Nd7 30. b4 Ke8 31. f4 Rc8 32. Ra1 Nb8 33. Nxb8
Rxb8 34. Rc1 Kd7 35. Kf2 Rc8 36. c5 bxc5 37. bxc5 Rb8 38. Ra1 Rxb5 39. Rxa7+
Ke8 40. Rc7 Rb2+ 41. Ke3 Rc2 42. h4 h5 43. g3 Rc3+ 44. Kf2 Rc2+ 45. Kf3 Rc3+
46. Kf2 Ra3 47. c6 Ra2+ 48. Kf3 Ra3+ 49. Kf2 Ra2+ 50. Kf3 1/2-1/2

[Event "SR 4. liga A21 2009/2010"]
[Site "?"]
[Date "2009.10.11"]
[Round "1.1"]
[White "Gono, Tomas"]
[Black "Piestansky, Jan"]
[Result "0-1"]
[WhiteElo "1000"]
[BlackElo "1586"]
[PlyCount "46"]
[EventDate "2010.??.??"]

1. e4 e5 2. Nf3 d6 3. Bc4 h6 4. O-O Nf6 5. Nc3 Be7 6. d4 exd4 7. Nxd4 O-O 8.
Bf4 Bd7 9. Qd3 Nc6 10. Nxc6 Bxc6 11. Rae1 Kh8 12. Nd5 Nxd5 13. Bxd5 Bxd5 14.
Qxd5 b6 15. e5 dxe5 16. Qxe5 Bd6 17. Qf5 Bxf4 18. Qxf4 Qd7 19. Re2 Rae8 20.
Rfe1 Rxe2 21. Kf1 Rxe1+ 22. Kxe1 Re8+ 23. Kf1 Qd1# 0-1

[Event "SR 4. liga A21 2009/2010"]
[Site "?"]
[Date "2009.10.11"]
[Round "1.1"]
[White "Kupkovic, Miroslav"]
[Black "Nemsak, Denis"]
[Result "1/2-1/2"]
[WhiteElo "1690"]
[BlackElo "1645"]
[PlyCount "51"]
[EventDate "2010.??.??"]

1. c4 f5 2. Nc3 Nf6 3. Nf3 d6 4. d4 g6 5. e3 Bg7 6. g3 O-O 7. Bg2 c6 8. O-O Qe8
9. Qb3 Kh8 10. Ng5 e5 11. d5 Na6 12. dxc6 bxc6 13. Qa3 Qd7 14. Rd1 Ne8 15. Nb5
Nc5 16. b4 Nd3 17. Nc3 e4 18. Bf1 Ne5 19. Rb1 Qe7 20. Nh3 Nf3+ 21. Kh1 Nf6 22.
b5 c5 23. Be2 Bb7 24. Bxf3 exf3 25. Bb2 Ng4 26. Nd5 1/2-1/2

[Event "SR 4. liga A21 2009/2010"]
[Site "?"]
[Date "2009.10.11"]
[Round "1.1"]
[White "Matejovic, Ludovit"]
[Black "Slaby, Jozef"]
[Result "0-1"]
[WhiteElo "1609"]
[BlackElo "1963"]
[PlyCount "52"]
[EventDate "2010.??.??"]

1. e4 e6 2. Nf3 d5 3. exd5 exd5 4. d4 Nf6 5. Qe2+ Be7 6. Bg5 O-O 7. Qe3 Re8 8.
Ne5 Bf5 9. Bd3 Bxd3 10. Qxd3 Bd6 11. Bxf6 gxf6 12. f4 fxe5 13. fxe5 Qg5 14. O-O
Bf8 15. Nc3 c6 16. Rf5 Qg6 17. Raf1 Bg7 18. Ne2 h6 19. Nf4 Qh7 20. Nh5 Re7 21.
R1f3 Bh8 22. e6 Na6 23. Rg3+ Kf8 24. exf7 Qxf5 25. Qxf5 Bxd4+ 26. Kh1 Re1+ 0-1

[Event "SR 4. liga A21 2009/2010"]
[Site "?"]
[Date "2009.10.11"]
[Round "1.1"]
[White "Pripko, Bystrik"]
[Black "Fedorko, Tomas"]
[Result "1-0"]
[WhiteElo "1591"]
[BlackElo "1379"]
[PlyCount "99"]
[EventDate "2010.??.??"]

1. e4 g6 2. Nf3 d6 3. d4 Bg7 4. c3 Nd7 5. Bc4 e5 6. Ng5 Ngf6 7. Bxf7+ Ke7 8.
Ne6 Qe8 9. Bxe8 Kxe6 10. Bxd7+ Bxd7 11. d5+ Ke7 12. f3 Raf8 13. Bg5 h6 14.
Bxf6+ Rxf6 15. Nd2 Rhf8 16. O-O g5 17. g4 Be8 18. Qe2 h5 19. h3 hxg4 20. fxg4
a6 21. Rxf6 Rxf6 22. Rf1 Bb5 23. c4 Rxf1+ 24. Qxf1 Bd7 25. Qc1 Kf6 26. Nf3 Bh6
27. c5 c6 28. cxd6 a5 29. Nxe5 Kxe5 30. Qc3+ Kxe4 31. Qf6 Bf8 32. Qxf8 Kxd5 33.
Kf2 c5 34. Ke3 b5 35. Qa8+ Ke6 36. Qxa5 Kxd6 37. Qb6+ Kd5 38. Qd8 Kc6 39. Qxg5
Be6 40. a3 c4 41. Kd4 Bd7 42. h4 Kb6 43. Qf6+ Bc6 44. g5 Kc7 45. g6 Kb6 46. g7
Kb7 47. Kc5 Bd7 48. Qb6+ Kc8 49. Kd6 c3 50. Qc7# 1-0

[Event "SR 4. liga A21 2009/2010"]
[Site "?"]
[Date "2009.10.11"]
[Round "1.1"]
[White "Strapko, Tomas"]
[Black "Vagovic, Milan"]
[Result "0-1"]
[WhiteElo "1595"]
[BlackElo "1654"]
[PlyCount "78"]
[EventDate "2010.??.??"]

1. d4 d5 2. c4 Nf6 3. Nc3 e6 4. Bg5 Be7 5. e3 O-O 6. Nf3 Nbd7 7. cxd5 exd5 8.
Bxf6 Nxf6 9. Bd3 c5 10. O-O c4 11. Bc2 a6 12. a4 Bd6 13. e4 dxe4 14. Nxe4 Bg4
15. h3 Bh5 16. g4 Bg6 17. Nxd6 Qxd6 18. Bxg6 hxg6 19. Re1 Nd5 20. Ne5 Rac8 21.
Rc1 b5 22. axb5 axb5 23. Qf3 Rc7 24. Re2 Nb4 25. d5 Nd3 26. Rd1 Nxe5 27. Qf4
Re8 28. Rde1 f6 29. g5 Rce7 30. gxf6 gxf6 31. Qg3 Kg7 32. f4 Nd3 33. Rxe7+ Rxe7
34. Rxe7+ Qxe7 35. f5 Ne5 36. fxg6 Qc5+ 37. Kh2 Qxd5 38. Qf2 Kxg6 39. Qc2+ Kg7
0-1

[Event "SR 4. liga A21 2009/2010"]
[Site "?"]
[Date "2009.10.11"]
[Round "1.2"]
[White "Bendzela, Tibor"]
[Black "Drabek, Martin"]
[Result "1-0"]
[WhiteElo "1455"]
[BlackElo "1449"]
[PlyCount "67"]
[EventDate "2010.??.??"]

1. e4 e5 2. d4 exd4 3. c3 dxc3 4. Bc4 Qf6 5. Qb3 Bc5 6. Nf3 h6 7. O-O Nc6 8.
Nxc3 Nd4 9. Nxd4 Bxd4 10. Nd5 Qd6 11. Bf4 Be5 12. Bxe5 Qxe5 13. Kh1 Nf6 14. f4
Qd6 15. e5 Qc6 16. exf6 gxf6 17. Rfe1+ Kf8 18. Ne7 Qc5 19. Bxf7 Rh7 20. Ng6+
Kg7 21. Be8 d5 22. Re7+ Kg8 23. Rxh7 Kxh7 24. Qd3 f5 25. Nh4 Be6 26. Bg6+ Kg7
27. Bxf5 Bxf5 28. Nxf5+ Kf6 29. Nxh6 Re8 30. Qf5+ Ke7 31. Re1+ Kd6 32. Nf7+ Kc6
33. Ne5+ Kb5 34. Qd7+ 1-0

[Event "SR 4. liga A21 2009/2010"]
[Site "?"]
[Date "2009.10.11"]
[Round "1.2"]
[White "Beran, Jan"]
[Black "Vepy, Ivan"]
[Result "0-1"]
[WhiteElo "1931"]
[BlackElo "1920"]
[PlyCount "71"]
[EventDate "2010.??.??"]

1. e4 e5 2. Nf3 Nc6 3. d4 exd4 4. Nxd4 Nxd4 5. Qxd4 d6 6. Nc3 Nf6 7. Bg5 Be7 8.
O-O-O O-O 9. e5 Ne8 10. Bxe7 Qxe7 11. exd6 Qxd6 12. Qa4 Qf6 13. f3 Be6 14. Ne4
Qe5 15. g3 c5 16. f4 Qc7 17. h3 a6 18. Bc4 Bf5 19. Nc3 Nf6 20. Nd5 Nxd5 21.
Bxd5 b5 22. Qa3 Ra7 23. Rde1 Qd6 24. Re5 Bc8 25. Rd1 Qb6 26. Qe3 Bxh3 27. Be4
Bg4 28. Rh1 h5 29. Rxc5 Qe6 30. Re5 Qxa2 31. Qxa7 Rd8 32. Rd5 Re8 33. Qe7 Qa1+
34. Kd2 Qa5+ 35. c3 Rxe7 36. b4 0-1

[Event "SR 4. liga A21 2009/2010"]
[Site "?"]
[Date "2009.10.11"]
[Round "1.2"]
[White "Lanik, Miroslav"]
[Black "Bartos, Bohumil"]
[Result "1-0"]
[WhiteElo "1745"]
[BlackElo "1572"]
[PlyCount "39"]
[EventDate "2010.??.??"]

1. e4 d6 2. d4 Nf6 3. Nc3 g6 4. Be3 Ng4 5. Bg5 Bg7 6. f3 Nf6 7. Qd2 h6 8. Be3
c6 9. Bd3 Nbd7 10. O-O-O b5 11. d5 Bb7 12. dxc6 Bxc6 13. Bxb5 Bxb5 14. Nxb5 Qb8
15. Qa5 Nb6 16. Bxb6 Qxb6 17. Qxb6 axb6 18. Nc7+ Kd7 19. Nxa8 Rxa8 20. a3 1-0

[Event "SR 4. liga A21 2009/2010"]
[Site "?"]
[Date "2009.10.11"]
[Round "1.2"]
[White "Vogl, Zdenek"]
[Black "Palka, Martin"]
[Result "1/2-1/2"]
[WhiteElo "1887"]
[BlackElo "1889"]
[PlyCount "93"]
[EventDate "2010.??.??"]

1. e4 c5 2. Nf3 d6 3. d4 cxd4 4. Nxd4 Nf6 5. Nc3 a6 6. f4 Nc6 7. Nxc6 bxc6 8.
e5 dxe5 9. Qxd8+ Kxd8 10. fxe5 Nd5 11. Bd2 Bg4 12. h3 Bh5 13. g4 Bg6 14. Bd3 e6
15. Bxg6 hxg6 16. O-O-O Nxc3 17. Bxc3+ Ke8 18. Rd3 Be7 19. Rhd1 Ra7 20. Bb4 Rb7
21. Bxe7 Kxe7 22. Rc3 Rc8 23. Rd6 Rbc7 24. Rd4 f6 25. Re3 c5 26. Rd6 Rc6 27.
Rxc6 Rxc6 28. c4 fxe5 29. Rxe5 Kf6 30. Re3 Rd6 31. Kc2 Rd4 32. Kc3 e5 33. a3 a5
34. b4 axb4+ 35. axb4 cxb4+ 36. Kxb4 e4 37. Kc3 Ke5 38. Rg3 Rd1 39. Kc2 Rd8 40.
c5 Kf4 41. Rc3 e3 42. c6 Kf3 43. c7 Rc8 44. Kd1 Kf2 45. Rc2+ Kf1 46. Re2 Rxc7
47. Rxe3 1/2-1/2